LEADER 04002oam 2200733I 450 001 9910456904203321 005 20200520144314.0 010 $a9786613044884 010 $a1-283-04488-9 010 $a1-136-98018-0 010 $a0-203-85294-X 024 7 $a10.4324/9780203852941 035 $a(CKB)2550000000031594 035 $a(EBL)668359 035 $a(OCoLC)707068699 035 $a(SSID)ssj0000466800 035 $a(PQKBManifestationID)11293078 035 $a(PQKBTitleCode)TC0000466800 035 $a(PQKBWorkID)10466532 035 $a(PQKB)10537855 035 $a(MiAaPQ)EBC668359 035 $a(PPN)23603815X 035 $a(Au-PeEL)EBL668359 035 $a(CaPaEBR)ebr10452719 035 $a(CaONFJC)MIL304488 035 $a(OCoLC)709782482 035 $a(EXLCZ)992550000000031594 100 $a20180706d2010 uy 0 101 0 $aeng 135 $aur|n|---||||| 181 $ctxt 182 $cc 183 $acr 200 04$aThe aging consumer $eperspectives from psychology and economics /$fedited by Aimee Drolet, Norbert Schwarz, Carolyn Yoon 210 1$aNew York, N.Y. :$cRoutledge,$d2010. 215 $a1 online resource (324 p.) 225 1 $aMarketing and consumer psychology series 300 $aDescription based upon print version of record. 311 $a1-84872-811-5 311 $a1-84872-810-7 320 $aIncludes bibliographical references and indexes. 327 $aCognitive psychology and neuroscience of aging / Angela H. Gutchess -- Spending patterns in the older population / Michael D. Hurd and Susann Rohwedder -- Socioemotional selectivity theory : implications for consumer research / Aimee Drolet, Loraine Lau-Gesk, Patti Williams and Hyewook Genevieve Jeong -- Aging-related changes in decision making / Ellen Peters -- Do workers prepare rationally for retirement? / Gary Burtless -- New choices, new information : do choice abundance and information complexity hurt aging consumers' medical decision making? / Stacy L. Wood, Judith A. Shinogle and Melayne M. McInnes -- The ageing consumer and intergenerational transmission of cherished possessions / Carolyn Folkman Curasi, Linda L. Price, and Eric J. Arnould -- Comprehension of marketing communications among older consumers / Carolyn M. Bonifield and Catherine A. Cole -- Impact of age on brand choice / Raphae?lle Lambert-Pandraud and Gilles Laurent -- Why do older consumers tell us they are more satisfied? / Carolyn Yoon, Fred Feinberg, and Norbert Schwarz -- Age-branding / Harry R. Moody and Sanjay Sood -- Designing products for older consumers : a human factors perspective / Neil Charness, Michael Champion and Ryan Yordon. 330 $aAt present, about 45 million Americans are over the age of 65, and by 2020, one out of every six Americans will be 65 or older. These statistics are reflective of a worldwide phenomenon in developing and developed countries alike unrivalled since the Industrial Revolution.This edited volume, written by experts in many fields, examines the economic and psychological research on how aging consumers behave, make decisions, and choose in the marketplace. The book takes stock of what is known, identifies gaps and open questions, and outlines an agenda for future research. It covers topics 410 0$aMarketing and consumer psychology series. 606 $aOlder consumers 606 $aConsumer behavior 606 $aConsumption (Economics) 606 $aMarketing 608 $aElectronic books. 615 0$aOlder consumers. 615 0$aConsumer behavior. 615 0$aConsumption (Economics) 615 0$aMarketing. 676 $a658.8/340846 701 $aDrolet$b Aimee Leigh$0937955 701 $aSchwarz$b Norbert$cDr. phil.$0936259 701 $aYoon$b Carolyn$f1960-$0937956 801 0$bMiAaPQ 801 1$bMiAaPQ 801 2$bMiAaPQ 906 $aBOOK 912 $a9910456904203321 996 $aThe aging consumer$92112941 997 $aUNINA LEADER 04390oam 2200721zu 450 001 9910140118703321 005 20250709215709.0 010 $a9782753531307 010 $a2753531307 024 7 $a10.4000/books.pur.5620 035 $a(CKB)2560000000351993 035 $a(SSID)ssj0001541242 035 $a(PQKBManifestationID)11831156 035 $a(PQKBTitleCode)TC0001541242 035 $a(PQKBWorkID)11534495 035 $a(PQKB)10121139 035 $a(WaSeSS)IndRDA00044146 035 $a(FrMaCLE)OB-pur-5620 035 $a(oapen)https://directory.doabooks.org/handle/20.500.12854/43325 035 $a(PPN)267954646 035 $a(FR-PaCSA)88930052 035 $a(FRCYB88930052)88930052 035 $a(oapen)doab43325 035 $a(EXLCZ)992560000000351993 100 $a20160829d2008 uy 101 0 $afre 135 $aur||||||||||| 181 $ctxt 182 $cc 183 $acr 200 10$aClandestinités urbaines : les citadins et les territoires du secret (XVIe-XXe 210 $cPresses universitaires de Rennes$d2008 210 31$a[Place of publication not identified]$cPresses universitaires de Rennes$d2008 215 $a1 online resource (384 pages) 225 1 $aHistoire 300 $aBibliographic Level Mode of Issuance: Monograph 311 08$a9782753506992 311 08$a275350699X 330 $aSi la discipline historique a déjà largement appréhendé le fait clandestin dans ses multiples composantes (origines, acteurs, esthétique, répression...), elle a plus rarement cherché à l'analyser dans le cadre d'un espace spécifique. Le colloque international « Clandestinités urbaines », qui s'est tenu à l'université François-Rabelais de Tours les 20 au 21 janvier 2006, s'est précisément donné pour ambition, à partir des approches croisées de l'histoire, de la littérature ou de la sociologie, d'aborder les pratiques clandestines dans leur dimension urbaine, avec la volonté d'en repérer les ressorts et les règles, les géographies et les itinéraires, les failles et les vulnérabilités. Les auteurs ont d'abord cherché à décliner différentes formes de pratiques qui, du commerce clandestin au cryptojudaïsme, en passant par l'usage de stupéfiants ou la contrefaçon de livre, posent l'enjeu du rapport entre clandestinité et illégalité. Cette première réflexion s'est prolongée dans l'évocation de figures ou de groupes particuliers qui, à une échelle plus fine, incarnent les stratégies d'évitement et de survie des différents acteurs concernés, ainsi que le type de ressources spécifiques au monde urbain. Dans un troisième temps, il s'agissait de mieux faire ressortir les formes ou les logiques de cette géographie clandestine, ainsi que la vigueur de ses transformations - très sensible par exemple dans les assauts de la ville haussmanienne contre l'habitat précaire, ou dans le Paris de l'homosexualité au xxe siècle. L'étude des répressions faisait enfin apparaître l'ambivalence des évolutions du monde urbain contemporain, à la fois plus dense, plus ramifié, plus incontrôlable, mais aussi de mieux en mieux quadrillé et surveillé. À travers l'étude des clandestinités urbaines, c'est donc toute la question du rapport entre les individus, les groupes sociaux et les pouvoirs, qui se trouve posée, la ville formant par excellence, de l'époque moderne à nos jours, le laboratoire des? 410 0$aCollection "Histoire" (Rennes, France) 606 $aSociology & Social History$2HILCC 606 $aSocial Sciences$2HILCC 606 $aCommunities - Urban Groups$2HILCC 610 $ahistoire urbaine 610 $agroupe social 610 $apolitiques publiques 610 $amarginalité 610 $aXVIe-XXe siècles 610 $aexclusion sociale 610 $atravail social 610 $asociabilité urbaine 610 $ahistoire sociale 615 7$aSociology & Social History 615 7$aSocial Sciences 615 7$aCommunities - Urban Groups 700 $aSylvie Aprile$b Emmanuelle Retaillaud-Bajac (dir.)$4auth$01355877 702 $aAprile$b Sylvie 702 $aRetaillaud-Bajac$b Emmanuelle 801 0$bPQKB 906 $aBOOK 912 $a9910140118703321 996 $aClandestinités urbaines : les citadins et les territoires du secret (XVIe-XXe$93359959 997 $aUNINA